[Event "Paraense-ch"]
[Site "Belem"]
[Date "2015.08.09"]
[Round "6"]
[White "Leao, Flavio Sanchez"]
[Black "Oliveira, Joao Leonardo Silva"]
[Result "0-1"]
[WhiteElo "1855"]
[BlackElo "1813"]
[PlyCount "58"]
[EventDate "2015.08.07"]
[EventType "swiss"]
[EventRounds "6"]
[EventCountry "BRA"]
[SourceTitle "EXT 2016"]
[Source "ChessBase"]
[SourceDate "2015.10.08"]
[SourceVersion "1"]
[SourceVersionDate "2015.10.08"]
[SourceQuality "1"]

1. e4 c5 2. Nf3 d6 3. d4 cxd4 4. Nxd4 Nf6 5. Nc3 a6 6. Be2 e6 7. Be3 Be7 8. 0-0 0-0 9. f4 Nbd7 10. Nb3 Qc7 11. f5 b5 12. a3 Bb7 13. Bd3 Ne5 14. Nd4 Nc4 15. Bc1 Qc5 16. Bxc4 Qxc4 17. fxe6 fxe6 18. Qd3 Qc8 19. Bg5 Qc5 20. Be3 Ng4 21. Nf5 Nxe3 22. Nxe3 Rf6 23. Rxf6 Bxf6 24. Kf1 Rf8 25. Ke2 Qh5+ 26. Kd2 Qxh2 27. Re1 Kh8 28. Ned1 Qh4 29. Qxd6 Rd8 0-1

[Event "Belem Leao Memorial"]
[Site "Belem"]
[Date "2015.06.07"]
[Round "6"]
[White "Oliveira, Joao Leonardo Silva"]
[Black "Arruda Filho, Ivo Pereira de"]
[Result "0-1"]
[WhiteElo "1805"]
[BlackElo "1804"]
[PlyCount "78"]
[EventDate "2015.06.05"]
[EventType "swiss"]
[EventRounds "6"]
[EventCountry "BRA"]
[SourceTitle "EXT 2018"]
[Source "ChessBase"]
[SourceDate "2017.10.13"]
[SourceVersion "1"]
[SourceVersionDate "2017.10.13"]
[SourceQuality "1"]

1. b3 d6 2. Bb2 e5 3. d4 exd4 4. Bxd4 Nc6 5. Bb2 Nf6 6. e3 Bf5 7. Nf3 Be7 8. Be2 0-0 9. 0-0 Re8 10. h3 Nb4 11. Nd4 Bg6 12. a3 Nbd5 13. c4 Nb6 14. Nc3 c6 15. Bd3 Bf8 16. Bxg6 hxg6 17. Qf3 Nbd7 18. Rad1 Qc7 19. h4 Ne5 20. Qh3 Rad8 21. Nf3 Qd7 22. Ng5 Qxh3 23. Nxh3 Nfg4 24. Rd2 Nd7 25. Rd4 Nh6 26. e4 Ng4 27. Rfd1 Nc5 28. Ne2 Nxb3 29. R4d3 Nc5 30. Rd4 Be7 31. Bc3 Na4 32. Be1 c5 33. R4d2 Nb6 34. Rc2 Ne5 35. Ba5 Nexc4 36. Bxb6 Nxb6 37. g3 Bf6 38. Nhf4 Rxe4 39. Nc3 Rc4 0-1

[Event "Belem Leao Memorial"]
[Site "Belem"]
[Date "2015.06.06"]
[Round "3"]
[White "Oliveira, Joao Leonardo Silva"]
[Black "De Souza Monteiro, Marcos Paulo"]
[Result "1/2-1/2"]
[WhiteElo "1805"]
[BlackElo "2037"]
[PlyCount "42"]
[EventDate "2015.06.05"]
[EventType "swiss"]
[EventRounds "6"]
[EventCountry "BRA"]
[SourceTitle "EXT 2016"]
[Source "ChessBase"]
[SourceDate "2015.10.08"]
[SourceVersion "1"]
[SourceVersionDate "2015.10.08"]
[SourceQuality "1"]

1. b3 Nf6 2. Bb2 g6 3. e3 Bg7 4. Nf3 0-0 5. Be2 d6 6. h3 c5 7. c4 b6 8. 0-0 Bb7 9. d4 Qd7 10. Qc2 cxd4 11. Nxd4 Nc6 12. Nxc6 Bxc6 13. Nd2 Rfc8 14. a4 Qb7 15. Bf3 d5 16. cxd5 Bxd5 17. Qd3 Rd8 18. Qe2 Bxf3 19. Nxf3 Qd5 20. b4 Qd6 21. b5 Ne4 1/2-1/2